| 000 | 00742nam a2200229Ia 4500 | ||
|---|---|---|---|
| 008 | 191130s2003##################000#0#eng## | ||
| 020 | _a9780521809603 | ||
| 022 | _a2002035000 | ||
| 040 |
_aACL _cACL |
||
| 082 | _a330.951 WED | ||
| 100 | _aWedeman, Andrew Hall | ||
| 245 |
_aFrom Mao to market : rent seeking, local protectionism, and marketization in China _cAndrew H. Wedeman |
||
| 260 |
_aCambridge _bCambridge University Press _c2003 |
||
| 300 | _axiii, 277 p. : ill. ; 24 cm | ||
| 500 | _aIncludes bibliographical references (p. 259-271) and index | ||
| 650 | _aChina | ||
| 650 | _aEconomic policy | ||
| 650 | _aProtectionism | ||
| 990 | _ad0d9a96eac10000c5fc7bb9811352518 | ||
| 991 | _a116478 | ||
| 999 |
_c189189 _d189189 |
||